Puzzle di nomi di Stati #1 - Statistics

Statistiche generali
  • Questo quiz è stato fatto 4.705 volte
  • Il punteggio medio è 12 su 20
Statistiche sulle risposte
Country Name % Corretto
AFGH ANIS TAN Afghanistan
99%
PAR AG UAY Paraguay
93%
THA ILA NDIA Thailandia
81%
VEN EZUE LA Venezuela
81%
DAN IMA RCA Danimarca
80%
NUOV AZEL ANDA Nuova Zelanda
78%
SR ILA NKA Sri Lanka
78%
NICA RA GUA Nicaragua
64%
CR OAZ IA Croazia
62%
BAR BA DOS Barbados
57%
AZE RBAI GIAN Azerbaigian
56%
TA NZA NIA Tanzania
56%
UG AN DA Uganda
50%
LES OT HO Lesotho
42%
GI BU TI Gibuti
37%
CA MBO GIA Cambogia
33%
MON TENE GRO Montenegro
33%
RO MAN IA Romania
30%
ES WAT INI Eswatini
28%
BE LG IO Belgio
25%
Nessun quiz corrispondente trovato
Distribuzione punteggi
Percentuale di utenti per punteggio
Percentile per numero di risposta
I tuoi punteggi nel tempo
Non hai fatto questo quiz